<?xml version="1.0" encoding="UTF-8"?>
<marc:record xmlns:marc="http://www.loc.gov/MARC21/slim">
   <marc:leader>00000nam a2200000 a 4500</marc:leader>
   <marc:datafield ind1=" " ind2=" " tag="653">
      <marc:subfield code="a">Zeichentrickfilm</marc:subfield>
   </marc:datafield>
   <marc:datafield ind1=" " ind2=" " tag="653">
      <marc:subfield code="a">Solidarität</marc:subfield>
   </marc:datafield>
   <marc:datafield ind1=" " ind2=" " tag="653">
      <marc:subfield code="a">Superheld</marc:subfield>
   </marc:datafield>
   <marc:datafield ind1=" " ind2=" " tag="653">
      <marc:subfield code="a">Freundschaft</marc:subfield>
   </marc:datafield>
   <marc:datafield ind1="0" ind2="0" tag="245">
      <marc:subfield code="a">Neuer Rekord!</marc:subfield>
   </marc:datafield>
   <marc:datafield ind1=" " ind2="1" tag="264">
      <marc:subfield code="a">Solingen</marc:subfield>
      <marc:subfield code="b">Na klar! GmbH</marc:subfield>
      <marc:subfield code="c">2007</marc:subfield>
   </marc:datafield>
   <marc:datafield ind1="1" ind2=" " tag="490">
      <marc:subfield code="a">Lazy Town</marc:subfield>
      <marc:subfield code="v">8</marc:subfield>
   </marc:datafield>
   <marc:datafield ind1="1" ind2=" " tag="520">
      <marc:subfield code="a">Die innovative Kinderserie LazyTown aus Island macht aus Kindern aktive Mitspieler. Sportacus, der von dem isländischen Serien-Erfinder und Weltklasse-Athleten Magnus Scheving verkörperte Superheld, kümmert sich darum, dass sich Kinder mehr bewegen, auf gesunde Ernährung achten und Werte wie Freundschaft und Solidarität groß schreiben. Fröhlich lebt er vor, was er ihnen vermitteln möchte und stürzt sich voller Energie ins kunterbunte Getümmel. Die Serie ist in 49 Ländern on air und feiert größte Erfolge. Seit August 2005 erobert die preisgekrönte Mischung aus Realfilm, Puppen- und Computeranimation auch Deutschland.</marc:subfield>
   </marc:datafield>
   <marc:datafield ind1="3" ind2=" " tag="024">
      <marc:subfield code="a">886971609790</marc:subfield>
   </marc:datafield>
   <marc:datafield ind1="0" ind2=" " tag="490">
      <marc:subfield code="v">0</marc:subfield>
   </marc:datafield>
   <marc:datafield ind1=" " ind2=" " tag="300">
      <marc:subfield code="a">1 DVD (PAL, Ländercode 2, ca. 105 Min.) : farbig, mit Ton</marc:subfield>
   </marc:datafield>
</marc:record>
